000 00678nam a2200181 a 4500
008 081022s1980 ||||||||||||||||| || u
050 _aIBRD(08)
110 _aWorld Bank
245 1 0 _aPirate subdivisions and the market for residential lots in Bogota
_cPrepared by Alan Carroll
260 _aWashington, D.C
_bWorld Bank
_c1980
300 _a116p. : illus.
350 _a0.00
362 1 _ano.435
490 _aWorld Bank Staff working paper
650 _aLAND
650 _aRESIDENTIAL LOTS--BOGOTA, COLOMBIA
995 _D0.00
_FCBU-MAIN LIBRARY (Kitwe)
_H1
_I0.00
_M1
_UAVAILABLE
_WOct 22, 2008
_ZInternational Publications
999 _c53653
_d53653